000 02111cam a22001934a 4500
005 20250605164125.0
008 250528s ||||||||||||||||||||||||d
035 _a18427
020 _a9607809327
040 _aGR-AtMCL
_bgre
_dGR-AtMCL
_eAACR2
245 1 _aΠαγκοσμιοποίηση
260 _bΤροχαλία,
_c1998
300 _a344
520 _aΤο βιβλίο αυτό απευθύνεται τόσο στον ειδικό όσο και ευρύτερα, σε όποιον θέλει να αποκτήσει μία ολοκληρωμένη αντίληψη του σύγχρονου κόσμου και να προβληματισθεί για τις τάσεις και τις προοπτικές που διαμορφώνονται. Εισαγωγή, Ο Πολιτισμός, Η Θεωρία του Πολιτισμού, Στοιχεία του Πολιτισμού, Διεθνείς Σχέσεις και Προβληματισμοί, Η Επικοινωνία, Η Εξέλιξη της Επικοινωνίας, Η Σ'υγχρονη Εποχή, Η Ιδεολογία, Οι Σύγχρονες Πολιτικές Ιδεολογίες, Το Μέλλον της Ιδεολογίας και της Πολιτικής, Το Έθνος, Οι Τέσσερις Περίοδοι του Πολιτισμού, Εθνικισμός και Παγκοσμιοποίηση, Το Μέλλον της Ανθρώπινης Κοινότητας, Η Οικονομία, Η Οικονομική Θεωρία, Τα Νομισματικά Θέματα, Η Διεθνής Χρηματοδότηση, Το Περιβάλλον, Τα Προβλήματα του Περιβάλλοντος, Η Βία, Ο Πόλεμος, Η Τρομοκρατία, Το Οργανωμένο Έγκλημα, Το Δίκαιο, Οι Διεθνείς Σχέσεις, Η Θεωρία των Διεθνών Σχέσεων, Το Κράτος και η Εξωτερική Πολιτική, Βιβλιογραφία.
700 1 _aΑλμπάνης Ευστράτιος Β
_94682
942 _cBK
999 _c3788
_d3788